I have a dream ; (Record no. 2149)

MARC details
000 -LEADER
fixed length control field 00830cam a22002651 4500
001 - CONTROL NUMBER
control field 2149
003 - CONTROL NUMBER IDENTIFIER
control field FISKH
005 - DATE AND TIME OF LATEST TRANSACTION
control field 20231107143920.0
008 - FIXED-LENGTH DATA ELEMENTS--GENERAL INFORMATION
fixed length control field 710208r1968 nyuac 000 0beng
010 ## - LIBRARY OF CONGRESS CONTROL NUMBER
LC control number 68029113
020 ## - INTERNATIONAL STANDARD BOOK NUMBER
International Standard Book Number 9780590442305
040 ## - CATALOGING SOURCE
Original cataloging agency DLC
Transcribing agency DLC
Modifying agency DLC
Language of cataloging eng
050 00 - LIBRARY OF CONGRESS CALL NUMBER
Classification number E185.97.K5
Item number T5
082 00 - DEWEY DECIMAL CLASSIFICATION NUMBER
Classification number 323.4/0924
-- B
100 ## - MAIN ENTRY--PERSONAL NAME
Personal name Davidson, Margaret
245 10 - TITLE STATEMENT
Title I have a dream ;
Remainder of title the story of Martin Luther King /
Statement of responsibility, etc. by Margaret Davidson
260 ## - PUBLICATION, DISTRIBUTION, ETC.
Place of publication, distribution, etc. New York :
Name of publisher, distributor, etc. Scholastic,
Date of publication, distribution, etc. 1986.
300 ## - PHYSICAL DESCRIPTION
Extent 127 pages :
Other physical details illustrations ;
Dimensions 20 cm
505 ## - FORMATTED CONTENTS NOTE
Formatted contents note Q<br/>
520 ## - SUMMARY, ETC.
Summary, etc. A biography of Martin Luther King, who sought equality for blacks through nonviolent means.<br/>
521 8# - TARGET AUDIENCE NOTE
Target audience note 680<br/>
Source Lexile<br/><br/>
521 8# - TARGET AUDIENCE NOTE
Target audience note Q<br/>
Source Raz-Plus<br/>
906 ## - LOCAL DATA ELEMENT F, LDF (RLIN)
a 7
b cbc
c orignew
d u
e ocip
f 19
g y-gencatlg
942 ## - ADDED ENTRY ELEMENTS (KOHA)
Source of classification or shelving scheme Dewey Decimal Classification
Koha item type Books
Suppress in OPAC No
Holdings
Withdrawn status Lost status Source of classification or shelving scheme Damaged status Not for loan Collection Home library Current library Shelving location Date acquired Total Checkouts Full call number Barcode Date due Date last seen Date last checked out Price effective from Koha item type
    Dewey Decimal Classification     Non-Fiction Footprints International School Library Network Toul Kork Campus Footprints International School Library Network Toul Kork Campus TK Primary Library Room(4th Floor), Bookcase 5&6, Shelves 33-56, Orange Books 11/07/2023 1 DAV 323.092 E185.K5 FISTK00035 12/23/2025 12/09/2025 12/09/2025 11/07/2023 Books